|
|
|
|
| LEADER |
01102nam a2200241 i 4500 |
| 001 |
10119350 |
| 003 |
GR-PaULI |
| 005 |
20250313140810.0 |
| 008 |
160308s2016 gr gre d |
| 020 |
|
|
|a 9789604185115
|
| 040 |
|
|
|a GR-PaULI
|c GR-PaULI
|b gre
|e AACR2
|
| 082 |
0 |
4 |
|a 510
|2 23
|
| 100 |
1 |
|
|a Μυλωνάς, Νίκος
|e συγγραφέας.
|9 148352
|
| 245 |
1 |
0 |
|a Εφαρμοσμένα μαθηματικά /
|c Νίκος Μυλωνάς, Γεώργιος Ε. Χατζαράκης.
|
| 260 |
|
|
|a Θεσσαλονίκη :
|b Τζιόλας,
|c 2016.
|
| 300 |
|
|
|a 1007 σ. :
|b εικ. ;
|c 30 εκ.
|
| 504 |
|
|
|a Περιλαμβάνει βιβλιογραφία και ευρετήριο.
|
| 650 |
|
4 |
|9 113419
|a Εφαρμοσμένα μαθηματικά
|
| 700 |
|
|
|a Χατζαράκης, Γεώργιος Ε.
|9 61146
|e συγγραφέας.
|
| 942 |
|
|
|2 ddc
|c BK15
|
| 952 |
|
|
|0 0
|1 0
|2 ddc
|4 0
|6 510_000000000000000_ΜΥΛ
|7 0
|9 219815
|a LISP
|b LISP
|c BSC
|d 2018-02-12
|i 062597
|j 0
|l 11
|m 3
|o 510 ΜΥΛ
|p 025000235593
|r 2023-10-19 00:00:00
|s 2023-10-10
|t 1
|y BK15
|
| 998 |
|
|
|c ΜΠΟΥΡΑΣ
|d 2018-02
|
| 999 |
|
|
|c 133009
|d 133009
|